| 000 | 00642nam a2200229Ia 4500 | ||
|---|---|---|---|
| 005 | 20251020182509.0 | ||
| 008 | 200515s9999 xx 000 0 und d | ||
| 082 | _a634.0.821/D80 | ||
| 100 | _aGonzáles Flores, Victor | ||
| 245 | 0 | _aSeminario de "Secado de Madera" | |
| 260 | _aLima | ||
| 260 | _bDirección de Normalización - ITINTEC ; Departamento de Industrias Forestales de la U.N.A. | ||
| 260 | _c197? | ||
| 300 | _a[s.n.] | ||
| 300 | _bil., graf. | ||
| 500 | _a1 ejemplar | ||
| 520 | _aPropiedades de la madera en relación con el secado. | ||
| 650 | _aMADERA | ||
| 650 | _aPUB ITINTEC | ||
| 942 | _cLIB | ||
| 999 |
_c1361 _d1361 |
||